LEADER 00884nam0-2200349---450- 001 990008817050403321 005 20111017160303.0 035 $a000881705 035 $aFED01000881705 035 $a(Aleph)000881705FED01 035 $a000881705 100 $a20090303d1947----km-y0itay50------ba 101 0 $afre 102 $aFR 105 $aa-------001yy 200 1 $aEmbryologie chimique$fJean Brachet 205 $a4e éd 210 $aParis$cMasson$aLiège$cEd. Desoer$d1947 215 $a535 p.$cill.$d25 cm 610 0 $aEmbriologia 610 0 $aBiochimica 676 $a571.86 700 1$aBrachet,$bJean$063170 801 0$aIT$bUNINA$gRICA$2UNIMARC 901 $aBK 912 $a990008817050403321 952 $aIIIe C 5$b2141$fDMVSF 952 $a4 D 6$fDMEPE 959 $aDMEPE 959 $aDMVSF 996 $aEmbryologie chimique$9402708 997 $aUNINA LEADER 01751oam 2200505 a 450 001 9910701512803321 005 20120601153842.0 035 $a(CKB)5470000002419964 035 $a(OCoLC)293332296 035 $a(EXLCZ)995470000002419964 100 $a20081120d2008 ua 0 101 0 $aeng 135 $aurcn||||||||| 181 $ctxt$2rdacontent 182 $cc$2rdamedia 183 $acr$2rdacarrier 200 10$aPhysical Activity Guidelines Advisory Committee report, 2008$b[electronic resource] $eto the Secretary of Health and Human Services 210 1$aWashington, DC :$cU.S. Dept. of Health and Human Services,$d[2008] 215 $a1 online resource (various pagings) $cillustrations (some color) 300 $aTitle from title screen (viewed on June 1, 2012). 300 $a"Prepublication copy issued June 2008." 320 $aIncludes bibliographical references. 517 $aPhysical Activity Guidelines Advisory Committee report, 2008 606 $aPhysical fitness$xStandards$zUnited States 606 $aExercise$xStandards$zUnited States 606 $aMotor Activity 606 $aPhysical Fitness 606 $aHealth Policy 607 $aUnited States 608 $aGuideline. 608 $aStatistics. 608 $aStatistics.$2lcgft 615 0$aPhysical fitness$xStandards 615 0$aExercise$xStandards 615 12$aMotor Activity. 615 12$aPhysical Fitness. 615 22$aHealth Policy. 712 02$aUnited States.$bDepartment of Health and Human Services. 801 0$bNLM 801 1$bNLM 801 2$bGPO 906 $aBOOK 912 $a9910701512803321 996 $aPhysical Activity Guidelines Advisory Committee report, 2008$93443329 997 $aUNINA